000 00465nam a22001811a 4500
001 18726
003 OSt
005 20260204212420.0
008 180522s2013||||mx ||||||b||||||||||spa||
020 _a9786123041649
082 _a551 R741c
100 _aRojas Caballero,David R.
245 _aCompendio de geología general/David R. Rojas Caraballo y Jorge Parédes Ángeles
264 _aLima:Macro
300 _a350
650 _aGeologíaÌ
942 _2ddc
_cBK
999 _c18726
_d18726